[Event "Deutsche Ländermeisterschaft 2020"]
[Site "Berlin GER"]
[Date "2020.10.04"]
[Round "7"]
[White "Halabi, Ibrahim"]
[Black "Hecht, Jonas Christian"]
[Result "1/2-1/2"]
[Termination "unterminated"]
[Board "3.4"]
[WhiteElo "1895"]
[BlackElo "1764"]
[WhiteClock "00:05:54"]
[BlackClock "00:40:18"]
[WhiteTeam "Rheinland-Pfalz"]
[BlackTeam "Baden"]
[PlyCount "103"]
[WhiteFideId "16241754"]
[BlackFideId "16214846"]
[EventCountry "GER"]
[EventRounds "7"]
[EventType "team-swiss"]
[EventDate "2020.09.29"]

1. e4 {[%clk 1:30:53]} e5 {[%clk 1:30:56]} 2. Nf3 {[%clk 1:31:12]} Nc6 {[%clk
1:31:22]} 3. Bc4 {[%clk 1:31:37]} Bc5 {[%clk 1:31:47]} 4. c3 {[%clk 1:32:02]}
Nf6 {[%clk 1:32:11]} 5. d3 {[%clk 1:32:27]} O-O {[%clk 1:32:23]} 6. Nbd2 {[%clk
1:32:42]} d5 {[%clk 1:32:27]} 7. exd5 {[%clk 1:32:59]} Nxd5 {[%clk 1:32:50]} 8.
O-O {[%clk 1:31:06]} Nb6 {[%clk 1:32:38]} 9. Qe2 {[%clk 1:26:05]} Bd6 {[%clk
1:28:14]} 10. Bb3 {[%clk 1:22:28]} Bg4 {[%clk 1:25:21]} 11. Ne4 {[%clk
1:17:10]} Kh8 {[%clk 1:23:01]} 12. Ng3 {[%clk 1:16:43]} Qf6 {[%clk 1:21:07]}
13. Bd1 {[%clk 1:11:33]} Qe7 {[%clk 1:12:30]} 14. h3 {[%clk 1:10:54]} Be6
{[%clk 1:12:39]} 15. Ne4 {[%clk 1:05:19]} f5 {[%clk 1:11:03]} 16. Nxd6 {[%clk
1:05:41]} cxd6 {[%clk 1:11:28]} 17. Bc2 {[%clk 0:59:00]} h6 {[%clk 1:08:02]}
18. Be3 {[%clk 0:55:49]} g5 {[%clk 1:04:00]} 19. Bxb6 {[%clk 0:50:24]} axb6
{[%clk 1:04:01]} 20. a3 {[%clk 0:46:17]} Qf6 {[%clk 0:54:06]} 21. Nh2 {[%clk
0:42:21]} Ne7 {[%clk 0:52:27]} 22. Qf3 {[%clk 0:33:54]} Nd5 {[%clk 0:51:22]}
23. Bb3 {[%clk 0:29:49]} Qf7 {[%clk 0:48:36]} 24. Bxd5 {[%clk 0:28:39]} Bxd5
{[%clk 0:48:36]} 25. Qe3 {[%clk 0:28:09]} b5 {[%clk 0:46:24]} 26. f3 {[%clk
0:26:56]} Rae8 {[%clk 0:36:32]} 27. a4 {[%clk 0:25:15]} Bc6 {[%clk 0:34:08]}
28. axb5 {[%clk 0:25:04]} Bxb5 {[%clk 0:34:18]} 29. c4 {[%clk 0:24:55]} Bc6
{[%clk 0:34:24]} 30. b4 {[%clk 0:24:48]} Qc7 {[%clk 0:28:55]} 31. b5 {[%clk
0:23:39]} Bd7 {[%clk 0:29:12]} 32. Ra7 {[%clk 0:22:20]} f4 {[%clk 0:28:11]} 33.
Qf2 {[%clk 0:20:10]} Bf5 {[%clk 0:26:07]} 34. Rd1 {[%clk 0:19:54]} Ra8 {[%clk
0:24:37]} 35. Kh1 {[%clk 0:19:00]} Rfb8 {[%clk 0:22:29]} 36. Qa2 {[%clk
0:18:14]} Rxa7 {[%clk 0:14:07]} 37. Qxa7 {[%clk 0:18:37]} Rc8 {[%clk 0:14:18]}
38. Ng4 {[%clk 0:16:45]} Kg7 {[%clk 0:12:23]} 39. Nf2 {[%clk 0:14:22]} Qc5
{[%clk 0:11:56]} 40. Qxb7+ {[%clk 0:07:33]} Rc7 {[%clk 0:11:33]} 41. Qb8 {[%clk
0:03:14]} Rc8 {[%clk 0:11:53]} 42. Qb7+ {[%clk 0:26:04]} Rc7 {[%clk 0:42:10]}
43. Qd5 {[%clk 0:13:37]} Qxf2 {[%clk 0:42:07]} 44. Qxd6 {[%clk 0:14:03]} Qc5
{[%clk 0:42:19]} 45. Qxc5 {[%clk 0:14:23]} Rxc5 {[%clk 0:42:37]} 46. b6 {[%clk
0:14:38]} Rc8 {[%clk 0:41:09]} 47. Rc1 {[%clk 0:08:27]} Bxd3 {[%clk 0:40:12]}
48. c5 {[%clk 0:08:13]} Bb5 {[%clk 0:40:27]} 49. Rb1 {[%clk 0:08:14]} Bc6
{[%clk 0:40:26]} 50. b7 {[%clk 0:07:55]} Rb8 {[%clk 0:40:00]} 51. Rb6 {[%clk
0:07:46]} Bd5 {[%clk 0:40:18]} 52. c6 {[%clk 0:05:54]} 1/2-1/2

[Event "Deutsche Ländermeisterschaft 2020"]
[Site "Berlin GER"]
[Date "2020.10.04"]
[Round "7"]
[White "Basovskiy, Jana"]
[Black "Reitz, Theresa"]
[Result "1-0"]
[Termination "unterminated"]
[Board "3.5"]
[WhiteElo "1760"]
[BlackElo "1886"]
[WhiteClock "00:03:08"]
[BlackClock "00:21:30"]
[WhiteTeam "Baden"]
[BlackTeam "Rheinland-Pfalz"]
[PlyCount "86"]
[WhiteFideId "16208617"]
[BlackFideId "12971901"]
[EventCountry "GER"]
[EventRounds "7"]
[EventType "team-swiss"]
[EventDate "2020.09.29"]

1. e4 {[%clk 1:30:58]} d5 {[%clk 1:30:53]} 2. exd5 {[%clk 1:31:22]} Qxd5 {[%clk
1:31:16]} 3. Nc3 {[%clk 1:31:47]} Qd6 {[%clk 1:31:34]} 4. d4 {[%clk 1:31:00]}
Nf6 {[%clk 1:31:51]} 5. Nf3 {[%clk 1:30:58]} a6 {[%clk 1:32:01]} 6. g3 {[%clk
1:30:27]} Bg4 {[%clk 1:32:06]} 7. h3 {[%clk 1:29:44]} Bh5 {[%clk 1:32:20]} 8.
Bg2 {[%clk 1:29:32]} Nc6 {[%clk 1:32:29]} 9. O-O {[%clk 1:18:50]} O-O-O {[%clk
1:32:12]} 10. Bf4 {[%clk 1:15:49]} Qb4 {[%clk 1:30:38]} 11. g4 {[%clk 1:14:27]}
Bg6 {[%clk 1:30:41]} 12. a3 {[%clk 1:13:18]} Qxb2 {[%clk 1:18:26]} 13. Qe1
{[%clk 1:13:28]} e6 {[%clk 0:59:29]} 14. Rb1 {[%clk 0:51:55]} Qxa3 {[%clk
0:56:48]} 15. Ne5 {[%clk 0:43:41]} Nd5 {[%clk 0:51:11]} 16. Nxd5 {[%clk
0:23:29]} exd5 {[%clk 0:50:40]} 17. Nxc6 {[%clk 0:23:39]} bxc6 {[%clk 0:50:25]}
18. Rb3 {[%clk 0:23:57]} Qa4 {[%clk 0:48:23]} 19. Qb1 {[%clk 0:21:07]} Kd7
{[%clk 0:41:04]} 20. Qb2 {[%clk 0:12:29]} Bd6 {[%clk 0:33:28]} 21. Bxd6 {[%clk
0:05:14]} Kxd6 {[%clk 0:33:30]} 22. Rc1 {[%clk 0:03:31]} Qc4 {[%clk 0:28:52]}
23. Bf1 {[%clk 0:03:33]} Qa4 {[%clk 0:26:18]} 24. Ra1 {[%clk 0:03:14]} Qxa1
{[%clk 0:26:08]} 25. Qxa1 {[%clk 0:03:43]} Rb8 {[%clk 0:24:47]} 26. Qa3+ {[%clk
0:03:19]} Kd7 {[%clk 0:25:00]} 27. Re3 {[%clk 0:02:59]} Rhe8 {[%clk 0:25:12]}
28. Rxe8 {[%clk 0:02:37]} Rxe8 {[%clk 0:25:39]} 29. Qc3 {[%clk 0:02:56]} Ra8
{[%clk 0:25:07]} 30. Qc5 {[%clk 0:02:57]} Be4 {[%clk 0:24:18]} 31. Bg2 {[%clk
0:02:55]} Bxg2 {[%clk 0:24:30]} 32. Kxg2 {[%clk 0:03:24]} a5 {[%clk 0:24:51]}
33. c4 {[%clk 0:03:22]} dxc4 {[%clk 0:23:28]} 34. Qxc4 {[%clk 0:03:18]} Kd6
{[%clk 0:23:16]} 35. Qc5+ {[%clk 0:02:54]} Kd7 {[%clk 0:23:21]} 36. d5 {[%clk
0:03:04]} Ra6 {[%clk 0:23:31]} 37. Qc4 {[%clk 0:03:10]} Rb6 {[%clk 0:23:30]}
38. dxc6+ {[%clk 0:03:04]} Rxc6 {[%clk 0:23:53]} 39. Qxf7+ {[%clk 0:03:27]} Kd6
{[%clk 0:24:17]} 40. Qxg7 {[%clk 0:03:29]} Kc5 {[%clk 0:24:27]} 41. f4 {[%clk
0:02:54]} a4 {[%clk 0:23:56]} 42. f5 {[%clk 0:03:08]} a3 {[%clk 0:21:30]} 43.
Qc3+ Kd5 1-0

[Event "Deutsche Ländermeisterschaft 2020"]
[Site "Berlin GER"]
[Date "2020.10.04"]
[Round "7"]
[White "Yue, Qizhou"]
[Black "Schulz, Hannah"]
[Result "1-0"]
[Termination "unterminated"]
[Board "3.6"]
[WhiteElo "1775"]
[BlackElo "1589"]
[WhiteClock "00:26:24"]
[BlackClock "00:47:15"]
[WhiteTeam "Rheinland-Pfalz"]
[BlackTeam "Baden"]
[PlyCount "101"]
[WhiteFideId "16273800"]
[BlackFideId "16244745"]
[EventCountry "GER"]
[EventRounds "7"]
[EventType "team-swiss"]
[EventDate "2020.09.29"]

1. e4 c6 {[%clk 1:30:41]} 2. Nc3 {[%clk 1:30:39]} d5 {[%clk 1:30:55]} 3. Nf3
{[%clk 1:30:39]} dxe4 {[%clk 1:31:08]} 4. Nxe4 {[%clk 1:31:00]} Nf6 {[%clk
1:31:34]} 5. Qe2 {[%clk 1:31:07]} e6 {[%clk 1:21:10]} 6. Nxf6+ {[%clk 1:19:50]}
Qxf6 {[%clk 1:21:17]} 7. d4 {[%clk 1:19:18]} Qd8 {[%clk 1:19:51]} 8. c3 {[%clk
1:12:02]} Nd7 {[%clk 1:19:20]} 9. Bf4 {[%clk 1:09:48]} Nf6 {[%clk 1:19:20]} 10.
Qc2 {[%clk 1:03:57]} Bd6 11. Bxd6 {[%clk 1:02:33]} Qxd6 {[%clk 1:14:37]} 12.
Bd3 {[%clk 1:01:44]} Bd7 {[%clk 1:14:16]} 13. O-O {[%clk 1:00:21]} O-O {[%clk
1:13:35]} 14. Rad1 {[%clk 0:57:00]} Rad8 {[%clk 1:11:56]} 15. Rfe1 {[%clk
0:54:59]} c5 {[%clk 1:10:22]} 16. dxc5 {[%clk 0:37:53]} Qxc5 {[%clk 1:09:29]}
17. Ne5 {[%clk 0:36:50]} Bc6 {[%clk 1:04:19]} 18. b4 {[%clk 0:30:49]} Qb6
{[%clk 1:03:35]} 19. a4 {[%clk 0:28:59]} h6 {[%clk 1:00:49]} 20. a5 {[%clk
0:23:01]} Qc7 {[%clk 1:00:34]} 21. c4 {[%clk 0:21:41]} Nd7 {[%clk 0:57:02]} 22.
Nxd7 {[%clk 0:18:03]} Bxd7 {[%clk 0:57:00]} 23. Qe2 {[%clk 0:16:59]} a6 {[%clk
0:56:38]} 24. Qe4 {[%clk 0:16:28]} g6 {[%clk 0:55:43]} 25. Qh4 {[%clk 0:16:28]}
Kh7 {[%clk 0:53:09]} 26. Re3 {[%clk 0:13:56]} e5 {[%clk 0:47:02]} 27. g4 {[%clk
0:13:26]} Kg7 {[%clk 0:45:52]} 28. Rde1 {[%clk 0:11:35]} Be6 {[%clk 0:44:52]}
29. Qg3 {[%clk 0:09:49]} Rd4 {[%clk 0:40:22]} 30. h3 {[%clk 0:08:07]} Rfd8
{[%clk 0:38:23]} 31. Bf1 {[%clk 0:07:25]} R8d7 {[%clk 0:30:55]} 32. Qxe5+
{[%clk 0:06:28]} Qxe5 {[%clk 0:31:06]} 33. Rxe5 {[%clk 0:06:54]} Bxc4 {[%clk
0:31:17]} 34. Bxc4 {[%clk 0:07:00]} Rxc4 {[%clk 0:31:35]} 35. R5e4 {[%clk
0:06:15]} Rdd4 {[%clk 0:31:09]} 36. Rxd4 {[%clk 0:06:36]} Rxd4 {[%clk 0:31:34]}
37. Rb1 {[%clk 0:06:58]} Rd5 {[%clk 0:31:29]} 38. Kg2 {[%clk 0:06:09]} Kf6
{[%clk 0:31:25]} 39. Kf3 {[%clk 0:04:26]} Ke5 {[%clk 0:29:33]} 40. Ke3 {[%clk
0:04:36]} f5 {[%clk 0:27:40]} 41. f4+ {[%clk 0:03:01]} Kd6 {[%clk 0:25:54]} 42.
Rc1 {[%clk 0:02:25]} fxg4 {[%clk 0:24:03]} 43. hxg4 {[%clk 0:02:45]} h5 {[%clk
0:23:33]} 44. gxh5 {[%clk 0:29:22]} Rxh5 {[%clk 0:52:07]} 45. Rg1 {[%clk
0:28:02]} Rh3+ {[%clk 0:48:17]} 46. Ke4 {[%clk 0:27:56]} Rh6 {[%clk 0:47:11]}
47. Rg5 {[%clk 0:27:13]} Ke6 {[%clk 0:46:21]} 48. Rxg6+ {[%clk 0:25:16]} Rxg6
{[%clk 0:46:40]} 49. f5+ {[%clk 0:25:42]} Kf6 {[%clk 0:46:59]} 50. fxg6 {[%clk
0:26:06]} Kxg6 {[%clk 0:47:15]} 51. Kd5 {[%clk 0:26:24]} 1-0

[Event "Deutsche Ländermeisterschaft 2020"]
[Site "Berlin GER"]
[Date "2020.10.04"]
[Round "7"]
[White "Uhlmann, Tim"]
[Black "Schreidl, Michael"]
[Result "1-0"]
[Termination "unterminated"]
[Board "3.7"]
[WhiteElo "1523"]
[BlackElo "1640"]
[WhiteClock "01:29:55"]
[BlackClock "00:04:45"]
[WhiteTeam "Baden"]
[BlackTeam "Rheinland-Pfalz"]
[PlyCount "57"]
[WhiteFideId "16239210"]
[BlackFideId "16265750"]
[EventCountry "GER"]
[EventRounds "7"]
[EventType "team-swiss"]
[EventDate "2020.09.29"]

1. e4 {[%clk 1:30:56]} e5 {[%clk 1:30:57]} 2. Nf3 {[%clk 1:31:15]} Nc6 {[%clk
1:31:24]} 3. d4 {[%clk 1:31:38]} exd4 {[%clk 1:31:48]} 4. Bc4 {[%clk 1:32:00]}
Nf6 {[%clk 1:32:13]} 5. e5 {[%clk 1:32:23]} d5 {[%clk 1:32:38]} 6. Bb5 {[%clk
1:32:48]} Ne4 {[%clk 1:33:00]} 7. Nxd4 {[%clk 1:32:46]} Bd7 {[%clk 1:33:24]} 8.
Bxc6 {[%clk 1:33:09]} bxc6 {[%clk 1:33:51]} 9. O-O {[%clk 1:33:24]} Bc5 {[%clk
1:33:57]} 10. f3 {[%clk 1:33:45]} Ng5 {[%clk 1:34:22]} 11. f4 {[%clk 1:33:59]}
Ne4 {[%clk 1:34:49]} 12. Be3 {[%clk 1:34:17]} Bb6 {[%clk 1:34:58]} 13. Nd2
{[%clk 1:34:27]} Nxd2 {[%clk 1:35:19]} 14. Qxd2 {[%clk 1:34:52]} c5 {[%clk
1:35:13]} 15. Nf3 {[%clk 1:35:17]} d4 {[%clk 1:35:40]} 16. Bf2 {[%clk 1:35:34]}
Bc6 {[%clk 1:35:59]} 17. Rae1 {[%clk 1:35:54]} Qd5 {[%clk 1:21:57]} 18. Bh4
{[%clk 1:35:58]} O-O {[%clk 1:11:01]} 19. f5 {[%clk 1:30:14]} Bb5 {[%clk
1:00:41]} 20. f6 {[%clk 1:29:31]} h6 {[%clk 0:54:27]} 21. fxg7 {[%clk 1:29:54]}
Kxg7 {[%clk 0:54:10]} 22. Bf6+ {[%clk 1:30:19]} Kh7 {[%clk 0:52:41]} 23. Ng5+
{[%clk 1:30:42]} Kg8 {[%clk 0:48:15]} 24. Rf3 {[%clk 1:30:35]} Rfc8 {[%clk
0:36:53]} 25. Nh7 {[%clk 1:29:36]} Kxh7 {[%clk 0:31:36]} 26. Rh3 {[%clk
1:29:56]} Kg6 {[%clk 0:28:12]} 27. Qf4 {[%clk 1:29:15]} Rh8 {[%clk 0:04:23]}
28. Rg3+ {[%clk 1:29:32]} Kh7 {[%clk 0:04:45]} 29. Rg7# {[%clk 1:29:55]} 1-0

[Event "Deutsche Ländermeisterschaft 2020"]
[Site "Berlin GER"]
[Date "2020.10.04"]
[Round "7"]
[White "Richter, Johanna"]
[Black "Haug, Mara"]
[Result "0-1"]
[Termination "unterminated"]
[Board "3.8"]
[WhiteElo "1107"]
[BlackElo "1366"]
[WhiteClock "00:07:18"]
[BlackClock "00:43:24"]
[WhiteTeam "Rheinland-Pfalz"]
[BlackTeam "Baden"]
[PlyCount "64"]
[WhiteFideId "16278925"]
[BlackFideId "16259300"]
[EventCountry "GER"]
[EventRounds "7"]
[EventType "team-swiss"]
[EventDate "2020.09.29"]

1. d4 {[%clk 1:30:58]} Nf6 {[%clk 1:30:32]} 2. c4 {[%clk 1:31:16]} c5 {[%clk
1:30:56]} 3. Nf3 {[%clk 1:31:03]} cxd4 {[%clk 1:31:18]} 4. Nxd4 {[%clk
1:29:00]} e5 {[%clk 1:31:38]} 5. Nf3 {[%clk 1:26:21]} Nc6 {[%clk 1:31:08]} 6.
Nc3 {[%clk 1:22:46]} Bc5 {[%clk 1:27:51]} 7. e3 {[%clk 1:19:27]} d6 {[%clk
1:24:48]} 8. b3 {[%clk 1:17:15]} Bb4 {[%clk 1:20:27]} 9. Bb2 {[%clk 1:16:56]}
Ne4 {[%clk 1:20:32]} 10. Qc2 {[%clk 1:13:33]} Qa5 {[%clk 1:14:16]} 11. Rc1
{[%clk 1:01:53]} Bf5 {[%clk 1:01:53]} 12. Bd3 {[%clk 1:00:45]} Bxc3+ {[%clk
1:02:01]} 13. Bxc3 {[%clk 1:00:54]} Nxc3 {[%clk 1:00:46]} 14. O-O {[%clk
0:53:14]} Bxd3 {[%clk 0:59:19]} 15. Qxd3 {[%clk 0:53:27]} e4 {[%clk 0:58:21]}
16. Qxc3 {[%clk 0:15:57]} Qxc3 {[%clk 0:58:42]} 17. Rxc3 {[%clk 0:16:21]} exf3
{[%clk 0:55:16]} 18. gxf3 {[%clk 0:16:30]} O-O {[%clk 0:54:24]} 19. f4 {[%clk
0:15:01]} Rad8 {[%clk 0:53:52]} 20. Rd1 {[%clk 0:14:53]} Rd7 {[%clk 0:54:07]}
21. c5 {[%clk 0:15:08]} d5 {[%clk 0:53:23]} 22. Rcd3 {[%clk 0:15:13]} Ne7
{[%clk 0:52:38]} 23. e4 {[%clk 0:15:05]} Rfd8 {[%clk 0:52:20]} 24. Rd4 {[%clk
0:14:15]} Kf8 {[%clk 0:51:49]} 25. b4 {[%clk 0:13:56]} Nc6 {[%clk 0:49:23]} 26.
Rxd5 {[%clk 0:10:53]} Rxd5 {[%clk 0:48:15]} 27. exd5 {[%clk 0:10:25]} Nxb4
{[%clk 0:48:16]} 28. d6 Na6 {[%clk 0:47:38]} 29. Rd5 {[%clk 0:10:34]} f6 {[%clk
0:45:16]} 30. h4 {[%clk 0:08:34]} Kf7 {[%clk 0:44:33]} 31. f5 {[%clk 0:08:30]}
Ke8 {[%clk 0:43:46]} 32. f4 {[%clk 0:07:18]} Kd7 {[%clk 0:43:24]} 0-1

[Event "Deutsche Ländermeisterschaft 2020"]
[Site "Berlin GER"]
[Date "2020.10.04"]
[Round "7"]
[White "Arndt, Magnus"]
[Black "Nothnagel, Marian Can"]
[Result "0-1"]
[Termination "unterminated"]
[Board "4.1"]
[BlackTitle "FM"]
[WhiteElo "2298"]
[BlackElo "2355"]
[WhiteClock "00:00:42"]
[BlackClock "00:05:56"]
[WhiteTeam "Schleswig-Holstein"]
[BlackTeam "Hessen"]
[PlyCount "110"]
[WhiteFideId "12998656"]
[BlackFideId "12921530"]
[EventCountry "GER"]
[EventRounds "7"]
[EventType "team-swiss"]
[EventDate "2020.09.29"]

1. d4 {[%clk 1:30:57]} Nf6 {[%clk 1:30:57]} 2. Bg5 {[%clk 1:31:21]} e6 {[%clk
1:31:16]} 3. e4 {[%clk 1:31:46]} h6 {[%clk 1:31:43]} 4. Bxf6 {[%clk 1:32:10]}
Qxf6 {[%clk 1:32:11]} 5. c3 {[%clk 1:32:31]} d6 {[%clk 1:32:38]} 6. Bd3 {[%clk
1:32:38]} g6 {[%clk 1:33:06]} 7. Ne2 {[%clk 1:32:51]} e5 {[%clk 1:33:24]} 8.
O-O {[%clk 1:31:25]} Bg7 {[%clk 1:33:22]} 9. f4 {[%clk 1:29:06]} Qe7 {[%clk
1:33:48]} 10. Nd2 {[%clk 1:22:42]} Nd7 {[%clk 1:33:29]} 11. f5 {[%clk 1:13:58]}
O-O {[%clk 1:33:31]} 12. fxg6 {[%clk 1:07:39]} fxg6 {[%clk 1:33:40]} 13. Qb3+
{[%clk 1:07:58]} Kh7 {[%clk 1:34:03]} 14. Rxf8 {[%clk 0:55:25]} Bxf8 {[%clk
1:33:00]} 15. Rf1 {[%clk 0:53:47]} Nf6 {[%clk 1:30:44]} 16. Nf3 {[%clk
0:45:27]} c6 {[%clk 1:23:55]} 17. h3 {[%clk 0:40:20]} Bg7 {[%clk 0:57:34]} 18.
Ng3 {[%clk 0:36:45]} Be6 {[%clk 0:51:06]} 19. Qc2 {[%clk 0:28:23]} Bd7 {[%clk
0:47:59]} 20. Qb3 {[%clk 0:25:05]} Be8 {[%clk 0:43:22]} 21. Kh2 {[%clk
0:24:24]} b6 {[%clk 0:39:50]} 22. a4 {[%clk 0:21:11]} Qc7 {[%clk 0:33:55]} 23.
Qc4 {[%clk 0:12:53]} d5 {[%clk 0:23:18]} 24. Qb3 {[%clk 0:10:45]} dxe4 {[%clk
0:20:38]} 25. Nxe4 {[%clk 0:06:55]} exd4+ {[%clk 0:16:05]} 26. Kh1 {[%clk
0:07:12]} Nxe4 {[%clk 0:13:13]} 27. Bxe4 {[%clk 0:07:32]} dxc3 {[%clk 0:13:33]}
28. bxc3 {[%clk 0:07:05]} Rd8 {[%clk 0:09:54]} 29. Qe6 {[%clk 0:03:58]} Qd7
{[%clk 0:07:43]} 30. Qxd7 {[%clk 0:02:15]} Bxd7 {[%clk 0:08:07]} 31. Rd1 {[%clk
0:02:36]} Bf6 {[%clk 0:08:27]} 32. Rd6 {[%clk 0:02:49]} Kg7 {[%clk 0:08:48]}
33. Bxc6 {[%clk 0:02:15]} Bc8 {[%clk 0:07:53]} 34. Rxd8 {[%clk 0:02:20]} Bxd8
{[%clk 0:08:18]} 35. Kg1 {[%clk 0:02:31]} Be7 {[%clk 0:07:20]} 36. Kf2 {[%clk
0:02:14]} Bc5+ {[%clk 0:06:30]} 37. Nd4 {[%clk 0:01:19]} Kf6 {[%clk 0:06:14]}
38. Ke3 {[%clk 0:01:43]} Ke5 {[%clk 0:02:31]} 39. Kd3 {[%clk 0:02:03]} g5
{[%clk 0:01:40]} 40. Ne2 {[%clk 0:01:14]} Be6 {[%clk 0:01:03]} 41. Nd4 {[%clk
0:26:30]} Bf7 {[%clk 0:25:25]} 42. Be4 {[%clk 0:14:05]} a5 {[%clk 0:23:27]} 43.
g3 {[%clk 0:09:11]} Ba2 {[%clk 0:13:49]} 44. Nf3+ {[%clk 0:08:15]} Kd6 {[%clk
0:14:05]} 45. Kc2 {[%clk 0:07:51]} Bf2 {[%clk 0:11:33]} 46. g4 {[%clk 0:07:10]}
Bc4 {[%clk 0:10:17]} 47. Nd2 {[%clk 0:05:50]} Bf7 {[%clk 0:10:34]} 48. Nf3
{[%clk 0:05:45]} Bc5 {[%clk 0:09:00]} 49. Bb7 {[%clk 0:03:58]} Bg6+ {[%clk
0:07:41]} 50. Kb3 {[%clk 0:04:10]} Bd3 {[%clk 0:07:39]} 51. h4 {[%clk 0:01:38]}
gxh4 {[%clk 0:08:00]} 52. Nxh4 {[%clk 0:02:00]} Ke5 {[%clk 0:08:07]} 53. Bc8
{[%clk 0:00:57]} Kf4 {[%clk 0:05:44]} 54. Ng2+ {[%clk 0:00:33]} Kg3 {[%clk
0:05:38]} 55. Ne1 {[%clk 0:00:42]} Be2 {[%clk 0:05:56]} 0-1

[Event "Deutsche Ländermeisterschaft 2020"]
[Site "Berlin GER"]
[Date "2020.10.04"]
[Round "7"]
[White "Lesny, Florian"]
[Black "Popvasilev, Kaloyan"]
[Result "1/2-1/2"]
[Termination "unterminated"]
[Board "4.2"]
[WhiteElo "2178"]
[BlackElo "2145"]
[WhiteClock "00:10:13"]
[BlackClock "00:05:15"]
[WhiteTeam "Hessen"]
[BlackTeam "Schleswig-Holstein"]
[PlyCount "185"]
[WhiteFideId "12973874"]
[BlackFideId "2919281"]
[EventCountry "GER"]
[EventRounds "7"]
[EventType "team-swiss"]
[EventDate "2020.09.29"]

1. e4 {[%clk 1:30:59]} c5 {[%clk 1:30:52]} 2. Nf3 {[%clk 1:31:22]} d6 {[%clk
1:31:17]} 3. d4 {[%clk 1:31:41]} Nf6 {[%clk 1:31:42]} 4. Nc3 {[%clk 1:32:01]}
cxd4 {[%clk 1:32:05]} 5. Nxd4 {[%clk 1:32:21]} Nc6 {[%clk 1:32:28]} 6. Bg5
{[%clk 1:32:39]} e6 {[%clk 1:32:40]} 7. Qd2 {[%clk 1:32:35]} a6 {[%clk
1:33:00]} 8. O-O-O {[%clk 1:32:42]} Bd7 {[%clk 1:33:19]} 9. f4 {[%clk 1:32:32]}
b5 {[%clk 1:32:55]} 10. Bxf6 {[%clk 1:31:59]} gxf6 {[%clk 1:33:08]} 11. Kb1
{[%clk 1:31:17]} Qb6 {[%clk 1:32:36]} 12. Nxc6 {[%clk 1:30:56]} Bxc6 {[%clk
1:32:51]} 13. f5 {[%clk 1:30:31]} h5 {[%clk 1:32:07]} 14. fxe6 {[%clk 1:26:18]}
fxe6 {[%clk 1:31:24]} 15. Bd3 {[%clk 1:25:17]} b4 {[%clk 1:30:47]} 16. Ne2
{[%clk 1:22:59]} Bh6 {[%clk 1:30:00]} 17. Qe1 {[%clk 1:22:40]} Qc5 {[%clk
1:29:22]} 18. Rf1 {[%clk 1:19:36]} Ke7 {[%clk 1:27:36]} 19. g3 {[%clk 1:13:46]}
a5 {[%clk 1:24:27]} 20. Nf4 {[%clk 1:09:04]} Bxf4 {[%clk 1:23:18]} 21. gxf4
{[%clk 1:08:45]} Rag8 {[%clk 1:06:28]} 22. e5 {[%clk 0:51:35]} h4 {[%clk
0:31:12]} 23. exd6+ {[%clk 0:48:52]} Kd7 {[%clk 0:29:41]} 24. f5 {[%clk
0:47:37]} e5 {[%clk 0:29:24]} 25. Be4 {[%clk 0:46:55]} Bb5 {[%clk 0:25:46]} 26.
Rf2 {[%clk 0:45:52]} Rg4 {[%clk 0:25:24]} 27. Bd5 {[%clk 0:43:42]} Kxd6 {[%clk
0:14:59]} 28. Bf3+ {[%clk 0:39:57]} Rd4 {[%clk 0:15:25]} 29. Rxd4+ {[%clk
0:39:43]} exd4 {[%clk 0:15:38]} 30. Qe6+ {[%clk 0:39:01]} Kc7 {[%clk 0:16:03]}
31. Rg2 {[%clk 0:34:31]} Bc6 {[%clk 0:11:30]} 32. Rg7+ {[%clk 0:29:23]} Kb6
{[%clk 0:11:55]} 33. Qxf6 {[%clk 0:21:20]} Rf8 {[%clk 0:09:15]} 34. Qxc6+
{[%clk 0:20:39]} Qxc6 {[%clk 0:09:42]} 35. Bxc6 {[%clk 0:20:53]} Kxc6 {[%clk
0:10:08]} 36. Rg6+ {[%clk 0:16:42]} Kd5 {[%clk 0:09:03]} 37. Ra6 {[%clk
0:14:49]} Ke4 {[%clk 0:07:35]} 38. Rxa5 {[%clk 0:11:42]} Rg8 {[%clk 0:06:47]}
39. a3 {[%clk 0:10:15]} bxa3 {[%clk 0:07:05]} 40. Rxa3 {[%clk 0:09:04]} Kxf5
{[%clk 0:05:46]} 41. Rh3 {[%clk 0:03:58]} Rg4 {[%clk 0:03:14]} 42. b3 {[%clk
0:01:09]} Ke5 {[%clk 0:29:31]} 43. Kb2 {[%clk 0:31:35]} Kd5 {[%clk 0:29:02]}
44. Kc1 {[%clk 0:26:29]} Kc5 {[%clk 0:23:26]} 45. Kd2 {[%clk 0:26:29]} Rf4
{[%clk 0:23:45]} 46. Ke2 {[%clk 0:26:08]} Kb4 {[%clk 0:22:55]} 47. Rd3 {[%clk
0:25:20]} Ka3 {[%clk 0:20:47]} 48. Rd2 {[%clk 0:19:46]} Kb4 {[%clk 0:17:25]}
49. Kd3 {[%clk 0:19:37]} Kc5 {[%clk 0:16:55]} 50. Rg2 {[%clk 0:19:41]} Rf3+
{[%clk 0:14:45]} 51. Ke4 {[%clk 0:16:36]} Re3+ {[%clk 0:14:12]} 52. Kf4 {[%clk
0:16:47]} Rc3 {[%clk 0:14:21]} 53. Rd2 {[%clk 0:14:43]} Kd5 {[%clk 0:13:04]}
54. Re2 {[%clk 0:13:30]} Kc5 {[%clk 0:07:40]} 55. Ke4 {[%clk 0:12:40]} h3
{[%clk 0:05:29]} 56. b4+ {[%clk 0:10:26]} Kxb4 {[%clk 0:05:27]} 57. Kxd4 {[%clk
0:10:42]} Rc4+ {[%clk 0:04:57]} 58. Ke3 {[%clk 0:10:30]} Rc3+ {[%clk 0:04:09]}
59. Kf4 {[%clk 0:10:11]} Kc4 {[%clk 0:04:05]} 60. Rd2 {[%clk 0:09:54]} Kc5
{[%clk 0:03:44]} 61. Kg4 {[%clk 0:09:54]} Kc6 {[%clk 0:03:08]} 62. Rd3 {[%clk
0:09:29]} Rxc2 {[%clk 0:03:08]} 63. Kxh3 {[%clk 0:09:52]} Rc5 {[%clk 0:02:38]}
64. Kg4 {[%clk 0:10:08]} Rc4+ {[%clk 0:03:06]} 65. Kg3 {[%clk 0:10:11]} Rc5
{[%clk 0:03:28]} 66. h4 {[%clk 0:09:04]} Rd5 {[%clk 0:03:38]} 67. Re3 {[%clk
0:09:29]} Kd7 {[%clk 0:04:03]} 68. Kg4 {[%clk 0:09:08]} Rd4+ {[%clk 0:03:12]}
69. Kg5 {[%clk 0:09:09]} Rd5+ {[%clk 0:03:39]} 70. Kg6 {[%clk 0:09:31]} Rd6+
{[%clk 0:04:04]} 71. Kf7 {[%clk 0:09:21]} Rd5 {[%clk 0:03:56]} 72. Rh3 {[%clk
0:09:12]} Rf5+ {[%clk 0:03:01]} 73. Kg6 {[%clk 0:09:25]} Rf1 {[%clk 0:01:40]}
74. Re3 {[%clk 0:08:04]} Rg1+ {[%clk 0:02:03]} 75. Kh6 {[%clk 0:08:29]} Rg4
{[%clk 0:02:15]} 76. h5 {[%clk 0:08:50]} Rg1 {[%clk 0:02:21]} 77. Kh7 {[%clk
0:09:15]} Rg5 {[%clk 0:02:27]} 78. h6 {[%clk 0:09:41]} Rg1 {[%clk 0:02:48]} 79.
Re4 {[%clk 0:09:09]} Rg2 {[%clk 0:03:12]} 80. Re1 {[%clk 0:08:23]} Rg3 {[%clk
0:03:39]} 81. Kh8 {[%clk 0:08:16]} Rg6 {[%clk 0:02:46]} 82. Kh7 {[%clk
0:07:51]} Rg2 {[%clk 0:03:12]} 83. Ra1 {[%clk 0:08:14]} Ke7 {[%clk 0:03:30]}
84. Ra7+ {[%clk 0:08:37]} Kf8 {[%clk 0:03:30]} 85. Rg7 {[%clk 0:08:55]} Rf2
{[%clk 0:03:04]} 86. Kh8 {[%clk 0:08:35]} Rf6 {[%clk 0:03:04]} 87. h7 {[%clk
0:07:56]} Rf1 {[%clk 0:03:16]} 88. Rg2 {[%clk 0:08:19]} Rf3 {[%clk 0:03:39]}
89. Rg1 {[%clk 0:08:33]} Rf2 {[%clk 0:04:06]} 90. Ra1 {[%clk 0:08:57]} Rf3
{[%clk 0:04:25]} 91. Ra7 {[%clk 0:09:22]} Rf1 {[%clk 0:04:49]} 92. Ra8+ {[%clk
0:09:47]} Kf7 {[%clk 0:05:15]} 93. Ra7+ {[%clk 0:10:13]} 1/2-1/2